Warrior Cats - Staffel 2 - Statistiken

Allgemein
  • Dieses Quiz wurde 73 mal gespielt
  • Das Durchschnittsergebnis liegt bei 4 aus 6
Antwortstatistiken
Band Warrior Cats - … % Korrekt
Band 1 Mitternacht
84%
Band 6 Sonnenuntergang
80%
Band 2 Mondschein
77%
Band 3 Morgenröte
70%
Band 5 Dämmerung
68%
Band 4 Sternenglanz
57%
Keine übereinstimmenden Quizze gefunden
Verteilung der Resultate
Anzahl Personen mit jedem Resultat
Perzentil nach korrekt beantworteten Fragen
Ihre Resultats-Entwicklung
Sie haben dieses Quiz noch nicht gespielt